000 00641nam a22002055i 4500
001 165127
003 ES-MaACL
005 20230906213054.0
008 050812s1878 gw | |||||||| ||eng d
040 _aCAM
_bspa
_cCAM
100 1 _aSegrave, Adolphe.
_9132632
245 1 0 _aMarmorne /
_cthe story is told by Adolphus Segrave.
260 _aLeipzig :
_bBernhard Tauchnitz,
_c1878.
300 _a294 p. ;
_c16 cm.
490 1 _aCollection of british authors ;
_v1726
752 _aAlemania -
_dLeipzig
830 0 _aCollection of british authors ;
_v1726
_9180703
852 _aES-MaACL
_jG-13084
_z-- Enc. hol.
999 _c165127
_d165127